Statistics for Michigan Football Bowl History

Click here to take the quiz!

General Stats

  • This quiz has been taken 229 times
    (71 since last reset)
  • The average score is 36 of 50

Answer Stats

DateBowl GameScoreAnswer% Correct
12/31/2021Orange BowlL 34-11Georgia
97%
1/1/2000Orange BowlW 35-34Alabama
93%
1/1/2020Citrus BowlL 35-16Alabama
93%
1/1/1997Outback BowlL 17-14Alabama
93%
1/2/1988Hall of Fame BowlW 28-24Alabama
93%
1/1/2016Citrus BowlW 41-7Florida
92%
12/29/2018Peach BowlL 41-15Florida
92%
1/1/2003Outback BowlW 38-30Florida
92%
1/1/2008Capital One BowlW 41-35Florida
92%
1/1/1993Rose BowlW 38-31Washington
88%
1/2/1978Rose BowlL 27-20Washington
88%
1/1/1992Rose BowlL 34-14Washington
88%
1/1/1981Rose BowlW 23-6Washington
88%
12/31/2022Fiesta BowlL 51-45TCU
87%
1/1/2007Rose BowlL 32-18USC
83%
1/2/1989Rose BowlW 22-14USC
83%
1/1/1990Rose BowlL 17-10USC
83%
1/1/1979Rose BowlL 17-10USC
83%
1/1/1977Rose BowlL 14-6USC
83%
1/1/2004Rose BowlL 28-14USC
83%
1/1/1948Rose BowlW 49-0USC
83%
1/1/1970Rose BowlL 10-3USC
83%
12/30/2016Orange BowlL 33-32Florida State
82%
1/1/2005Rose BowlL 38-37Texas
82%
1/1/2013Outback BowlL 33-28South Carolina
78%
1/1/2018Outback BowlL 26-19South Carolina
78%
1/1/1983Rose BowlL 24-14UCLA
77%
12/31/1981Bluebonnet BowlW 33-14UCLA
77%
1/1/1998Rose BowlW 21-16Washington State
77%
1/1/1902Rose BowlW 49-0Stanford
67%
1/1/1972Rose BowlL 13-12Stanford
67%
1/1/1976Orange BowlL 14-6Oklahoma
63%
12/28/2013Buffalo Wild Wings BowlL 31-14Kansas State
57%
12/28/2005Alamo BowlL 32-28Nebraska
57%
1/1/1986Fiesta BowlW 27-23Nebraska
57%
1/1/1965Rose BowlW 34-7Oregon State
55%
1/3/2012Sugar BowlW 23-20 (OT)Virginia Tech
55%
12/28/1979Gator BowlL 17-15North Carolina
52%
1/1/2002Citrus BowlL 45-17Tennessee
52%
1/1/1987Rose BowlL 22-15Arizona State
50%
1/1/2001Citrus BowlW 31-28Auburn
50%
1/2/1984Sugar BowlL 9-7Auburn
50%
1/1/1991Gator BowlW 35-3Mississippi State
50%
1/1/2011Gator BowlL 52-14Mississippi State
50%
12/28/1995Alamo BowlL 22-20Texas A&M
48%
1/1/1951Rose BowlW 14-6California
47%
1/1/1999Citrus BowlW 45-31Arkansas
43%
1/1/1994Hall of Fame BowlW 42-7North Carolina State
35%
12/21/1984Holiday BowlL 24-17BYU
33%
12/30/1994Holiday BowlW 24-14Colorado State
28%

Score Distribution

Percentile by Number Answered

Percent of People with Each Score

Your Score History

You have not taken this quiz since the last reset